00423nam a2200157Ia 450000500170000000800410001704000190005804100120007708200170008924500560010626000380016230000100020065000190021070000260022985000100025520260526104826.0131103s9999 xx 000 0 und d aLoreto College aEnglish a821.084bMAC aAustralian Poetry 1954cSelected by Ronald Mc CUAIG aSydneybAngus and Robertsonc1956 a80p.  aEnglish Poetry aMc Cuaig Ronald ;Selc aLCLIB